00345nam a2200109Ia 4500008004100000245003800041500002400079650002400103942000700127952008400134999001700218230524s9999 xx 000 0 und d 0aOrissa Service Code (Compilation) aQuantity Number: 1 aMiscellaneous91877 cBK 00104070aTATCLbTATCLcGENd2023-05-24l0p45631r2023-05-24w2023-05-24yBK c51163d51163